MDQL
is popping MORE tags! Check the
thread
!
Quizzes
Events
Quiz Creation
Community
Videos
Private Events
Remove Ads
Sign In
Join for FREE
Feedback
Dark Mode
Quiz Categories
Sports
Geography
Music
Movies
Television
Just For Fun
Miscellaneous
History
Literature
Language
Science
Gaming
Entertainment
Religion
Holiday
For Kids
Quiz Lab
Recent
Popular Today
Quiz Kudos Today
Editor Picks
Curator Picks
Quizzes by...
Day
Popularity
Type
Ratings
Length
Year
Community
Subscriptions
Recent Discussions
Orange Saloon
Badges
Playlists
Quests
Create
Leaderboards
Showdown
Live 5
Trivia Bingo
Activity
Puzzle Library
Sporcle Events
Private Events
Virtual Trivia
Globe League
Become a Host
Pub Owners
SporcleCon
Opinionation
Our Games
Videos
Blog
Mobile Apps
Partnerships
Remove Ads and Go Orange
Feedback
Entertainment
Celebrity
Famous
Musical
Broadway
Show
Quote
Comic Books
Anime
Superhero
DC Comics
Marvel
Cartoons
Animation
Entertainment
Celebrity
Famous
Musical
Broadway
Show
Quote
Comic Books
Anime
Superhero
DC Comics
Marvel
Cartoons
Animation
Random Quiz
Search Sporcle
×
Quiz Lab
Quiz Lab
Entertainment
Movie Characters
Type answers based on single images at one time
Type answers based on single images at one time
Slideshow
Best Score? Go Orange.
Mega Hunger Games Picture Quiz Stats
Can you name the Hunger Games characters from the pictures?
By
xeonphillius1
20m
62 Questions
317 Plays
317 Plays
317 Plays
Comments
Comments
Give Quiz Kudos
Give Quiz Kudos
-
- Ratings
hide this ad
Replay
Link that replays current quiz
Next Quiz
Link to next quiz in quiz playlist
You Got
0%
They Got
Avg Score
67%
Avg Friend Score
Upgrade to see
Score Distribution
Jump to the score distribution portion of the page
Score
0/62
Timer
20:00
0
Plays Today
% Correct
Katniss Everdeen
99.7%
Peeta Mellark
96.8%
Gale Hawthorne
96.2%
Haymitch Abernathy
95.6%
Coriolanus Snow
95.2%
Primrose Everdeen
94.6%
Rue
91.1%
Glimmer
88.6%
Foxface
88.6%
Thresh
88.3%
Cato
87.9%
Clove
87.3%
Marvel
85.4%
Mags
84.1%
Finnick Odair
83.5%
Beetee
83.2%
Wiress
82.2%
Johanna Mason
81%
Cinna
79.4%
Effie Trinket
79%
Mrs. Everdeen
78.7%
Seneca Crane
76.5%
Enobaria
76.2%
Mr. Everdeen
75.9%
Brutus
74.3%
Caesar Flickerman
74.3%
Alma Coin
74%
Gloss
71.4%
Plutarch Heavensbee
71.1%
Buttercup
69.5%
Cashmere
69.2%
% Correct
Annie Cresta
66.3%
Portia
65.4%
Boggs
64.1%
Greasy Sae
63.5%
Mrs. Mellark
63.5%
Tigris
61.6%
Claudius Templesmith
61.3%
Chaff
61.3%
Cressida
59.7%
Pollux
59%
Seeder
57.1%
Octavia
56.5%
Leeg 1
55.9%
Leeg 2
55.9%
Castor
55.2%
Flavius
54.9%
Morphlings
54.9%
Jackson
53.3%
Blight
52.4%
Romulus Thread
51.4%
Venia
51.1%
Paylor
49.5%
Woof
49.2%
Messalla
47.9%
Cecelia
46.7%
Homes
40%
Cray
37.8%
Lyme
37.8%
Atala
35.2%
Lavinia
34.6%
Ripper
31.4%
Quiz Playlist
Details
Report
Send in Message
Add To Playlist
Slideshow:
Type answers based on single images at one time
Last Updated: Feb 16, 2017
Quiz Scoreboard
CHALLENGE
Sign Up to Join the Scoreboard
Show All
Scores
Hide
Comments
May contain spoilers
Recently Published
5x2 Blitz: Bands
by SL_Kpop136
Music
30s
Colored Red Africa Blitz
by spor1
Geography
30s
Find the 'City' Movie
by crazypaving
Movies
60s
More to Explore
Quiz From the Vault
Featured Blog Post
14 Easter Pick-up Lines to Find Eggs With
hide this ad
You Might Also Like...
Tags
Movie Characters Quiz
The Hunger Games Quiz
Catching Fire
Fantasy
Mockingjay
Suzanne Collins
Today's Top Quizzes in Entertainment
Browse Entertainment
hide this ad
Today's Top Quizzes in Movie Characters
Browse Movie Characters
Top Contributed Quizzes in Entertainment
1
Dragon Ball Z: Goku's Fights in Order
2
Marvel Characters Bunker
3
Marvel Classic Character Map
4
Celebrity Spelling Bee
5
This is Your Life: Edward Elric
6
This is Your Life: Itachi Uchiha
7
Dragon Ball Z: Immortal Characters
8
X-Men: 10 to 1
9
Fairy Tail 12-1
10
Finish The Line - Starship (Starkid)
Explore More
Trending Topics
Harry Potter
Disney
NBA
Crossword
Kpop
Marvel
Anime
WWE
Pokémon
Country
NFL
Soccer
Song
Puzzle
The Office
hide this ad
More By:
xeonphillius1
Quiz
Plays
Rating
Category
Featured
Created
Grey's Anatomy Logic Puzzle
21,963
4.00
Miscellaneous
May 9, 2018
Star Wars Logic Puzzle: Who is who?
12,379
4.27
Miscellaneous
Nov 6, 2016
Mega Grey's Anatomy Picture Quiz
2,538
5.00
Television
Jun 21, 2017
20 to 1: Star Wars
1,961
3.25
Entertainment
Apr 13, 2016
Grey's Anatomy Name Chain
1,793
Television
Jun 22, 2017
Go to Creator's Profile
Score Distribution
Quiz Creator Spotlight
xeonphillius1
Follow
Send a Message
Quizzes Created
-
Created Quiz Play Count
-
More By This Creator
Popular Quizzes Today
1
Find the 'City' Movie
2
Colored Red Africa Blitz
3
Find the US States - No Outlines Minefield
4
5x2 Blitz: Bands
5
The Countries of the World
6
Find the US States
7
US States
8
9x9 Crossword: Cartoon Network
More Entertainment Quizzes
Tom Holland's Marvel Pub Quiz
Quiz Lab
Trending Quizzes
Colored Red Europe Blitz I
Colored Red Africa Blitz II
Colored Red Europe Blitz II
Colored Red Africa Blitz III
Colored Red Europe Blitz III
Recently Updated
Famous TV Couples
Peacemaker
Champions League XIs: Real Madrid
pecheneg
Largest US Cities 1790-2010
pecheneg
Rides in Walt Disney World
pecheneg
Most Oscar Losses (Acting)
pecheneg
Beyoncé Albums
pecheneg
Leaping Animals
pecheneg
Reality TV Shows (A-Z)
bhenderson79
Rickey Henderson's Hall of Fame Teammates
pecheneg
Champions League XIs: Arsenal
pecheneg
Trending Topics
Anime
Disney
NBA
Harry Potter
Kpop
Crossword
Marvel
Pokémon
NFL
The Office
Country
WWE
Song
Soccer
Puzzle
Your Account Isn't Verified!
In order to create a playlist on Sporcle, you need to verify the email address you used during registration. Go to your
Sporcle Settings
to finish the process.
Report this User
Report this user for behavior that violates our
Community Guidelines
.
Details:
Send Report
Go to the Sporcle.com Mobile Site →
Comments